000 00781nam2a2200205 4500
001 RU\NLR\PER_A\003157819_001060
005 20250625153614.0
035 _a(NLR Aleph) 022191987
090 _a13015832
_c13015832
100 _a20240409d2023 |||y0rusy50 ca
101 0 _arus
102 _aRU
200 0 _a2023, № 3 (50)
210 _d2023
_aБ. м.
461 0 _1001RU\NLR\Per\649722
_12001#$aГимнастика$eжурнал Федерации спортивной гимнастики России$v2023, № 3 (50)
_93073119
_cМосква
_d2009 -
_nА2
_oжурнал Федерации спортивной гимнастики России
_tГимнастика
_v2023, № 3 (50)
852 _aNLR
_jП41/429
942 _cISSUE
980 _aNB
980 _aRUSPER